000 00877cam a2200241 a 4500
001 4207431
005 20180224023808.0
008 811026m19821984nyua b 001 0 eng
010 _a 81047653
020 _a0060148454 (v. 1) :
_c$30.72
040 _aDLC
_cDLC
_dDLC
041 1 _aengfre
080 _a909.08
082 0 0 _a909.08 BRA
_219
100 1 _a16
101 _aHIS
240 1 0 _aCivilisation matérielle, économie et capitalisme.
_lEnglish
245 1 0 _aCivilization and capitalism, 15th-18th century /
_cFernand Braudel.
504 _aIncludes bibliographical references and index.
906 _a7
_bcbc
_corignew
_d1
_eocip
_f19
_gy-gencatlg
942 _2ddc
_cBK
999 _c43339
_d43339